| 000 | 01354naa a22003617a 4500 | ||
|---|---|---|---|
| 001 | BR7805177 | ||
| 003 | BR-BrBNA | ||
| 005 | 20240918174202.0 | ||
| 007 | ta | ||
| 008 | 230509b bl.||||| |||| 00| 0 por d | ||
| 040 |
_aBR-BrBNA _bpor _cBiblioteca Nacional de Agricultura |
||
| 041 | _a(Pt) | ||
| 072 |
_aF30 _b0720 _b0716 _b0790 _b0718 _b0710 _bG514 |
||
| 090 | _aF30 BR7805177 | ||
| 100 | 1 | _aFortes, J.M. | |
| 100 | 1 | _aPinheiro, R.V.R. | |
| 100 | 1 | _aAlvarenga, L.R. de | |
| 100 | 1 | _aSantos, H.L. dos | |
| 245 | 1 | _aIntroducao, selecao e competicao de ameixeiras, pessegueiros, nectarineiras, pereiras e macieiras [Prunus domestica, Prunus persica, Prunus persica nucipersica, Pyrus communis, Malus communis, selecao genetica, competicao de variedade, Minas Gerais, Brasil] | |
| 260 | 3 |
_aBelo Horizonte, MG (Brasil): _c1978. |
|
| 500 | _aProjeto fruticultura. Relatorio 1974/77 Belo Horizonte, MG (Brasil): 1978. p. 283-289 (BR7805177-AM)F30 | ||
| 650 | _aAMEIXA | ||
| 650 | _aPESSEGO | ||
| 650 | _aNECTARINA | ||
| 650 | _aPERA | ||
| 650 | _aMACA | ||
| 650 | _aCOMPORTAMENTO DE VARIEDADE | ||
| 650 | _aSELECAO GENETICA | ||
| 650 | _aMINAS GERAIS | ||
| 773 | 0 |
_tProjeto fruticultura. Relatorio 1974/77 _wF30 BR7805177 _gBelo Horizonte, MG (Brasil), 1978. p. 283-289 |
|
| 909 |
_a202404 _bLucia _c55 _dLucia Elande |
||
| 942 |
_cAM _2AGRIS |
||
| 999 |
_c309453 _d309453 |
||